Normal view MARC view
  • Rosenfeld L. & Peter M

Entry Personal Name

Number of records used in: 1

001 - CONTROL NUMBER

  • control field: 186275

003 - CONTROL NUMBER IDENTIFIER

  • control field: OSt

005 - DATE AND TIME OF LATEST TRANSACTION

  • control field: 20230714205754.0

008 - FIXED-LENGTH DATA ELEMENTS

  • fixed length control field: 230714|| aca||aabn | a|a d

040 ## - CATALOGING SOURCE

  • Original cataloging agency: OSt
  • Transcribing agency: OSt

100 ## - HEADING--PERSONAL NAME

  • Personal name: Rosenfeld L. & Peter M

670 ## - SOURCE DATA FOUND

  • Source citation: Work cat.: (OSt)173071: Rosenfeld L. 146878, Information Architecture For The World Wide Web, 1998